[Event "American Continental 16th"]
[Site "San Salvador"]
[Date "2022.05.06"]
[Round "7"]
[White "Barahona, Dalila Yamileth"]
[Black "Leal Escamilla, Daniel Zinedine"]
[Result "1-0"]
[WhiteElo "1685"]
[BlackElo "1415"]
[PlyCount "63"]
[EventDate "2022.05.02"]
[EventType "swiss"]
[EventRounds "11"]
[EventCountry "ESA"]
[SourceTitle "CBM 208 Extra"]
[Source "ChessBase"]
[SourceDate "2022.07.31"]
[SourceVersion "1"]
[SourceVersionDate "2022.07.31"]
[SourceQuality "1"]

1. c4 Nf6 2. g3 g6 3. Bg2 Bg7 4. Nc3 c6 5. d4 d5 6. cxd5 cxd5 7. Nf3 Nc6 8. 0-0 0-0 9. Re1 e6 10. b3 a6 11. Ba3 Re8 12. Rc1 Bd7 13. e4 dxe4 14. Nxe4 Nxe4 15. Rxe4 Rc8 16. Qd2 Ne7 17. Rxc8 Qxc8 18. Bxe7 Rxe7 19. d5 e5 20. Rc4 Qb8 21. d6 Re8 22. Rc7 Rd8 23. Ng5 b5 24. Qd5 Be6 25. Nxe6 fxe6 26. Qxe6+ Kh8 27. Qe7 Rg8 28. Bd5 Qf8 29. Bxg8 Kxg8 30. Qxg7+ Qxg7 31. Rxg7+ Kxg7 32. d7 1-0

[Event "Online Olym Div3 E"]
[Site "Chess.com INT"]
[Date "2021.08.27"]
[Round "1.4"]
[White "Barahona, Dalila Yamileth"]
[Black "Martinez Gutierrez, Camila Renata"]
[Result "1-0"]
[WhiteElo "1802"]
[BlackElo "1238"]
[PlyCount "87"]
[EventDate "2021.08.27"]
[EventType "team-tourn (rapid)"]
[EventRounds "9"]
[EventCountry "USA"]
[SourceTitle "CBM 204 Extra"]
[Source "ChessBase"]
[SourceDate "2021.11.30"]
[SourceVersion "1"]
[SourceVersionDate "2021.11.30"]
[SourceQuality "1"]
[WhiteTeam "El Salvador"]
[BlackTeam "Nicaragua"]
[WhiteTeamCountry "ESA"]
[BlackTeamCountry "NCA"]

1. c4 e6 2. g3 d5 3. Bg2 Nf6 4. Nc3 c6 5. cxd5 exd5 6. d4 Bd6 7. Nf3 Be6 8. 0-0 0-0 9. Re1 Qd7 10. e4 dxe4 11. Ng5 Bg4 12. Qc2 Re8 13. Bd2 h6 14. Ngxe4 Nxe4 15. Bxe4 Bh3 16. Re2 Na6 17. Rae1 Nc7 18. d5 cxd5 19. Nxd5 Nxd5 20. Bxd5 Rxe2 21. Rxe2 Qb5 22. Qe4 Bd7 23. Bc4 Qxb2 24. Bxh6 Re8 25. Qxe8+ Bxe8 26. Rxb2 gxh6 27. Rxb7 Bc6 28. Rxa7 Bc5 29. Rc7 Bxf2+ 30. Kxf2 Be8 31. Rc8 Kf8 32. Bb5 Kg7 33. Rxe8 f6 34. a4 Kg6 35. a5 f5 36. a6 Kg5 37. a7 h5 38. a8Q h4 39. Rg8+ Kh5 40. Qf3+ Kh6 41. Qf4+ Kh7 42. Qg5 hxg3+ 43. Kg2 gxh2 44. Qg7# 1-0

[Event "Wch FIDE Online U16 Girls America qual"]
[Site "Tornelo INT"]
[Date "2020.12.03"]
[Round "4"]
[White "Gomez Morales, Salma Patricia"]
[Black "Barahona, Dalila Yamileth"]
[Result "0-1"]
[WhiteElo "1267"]
[BlackElo "1802"]
[PlyCount "64"]
[EventDate "2020.12.01"]
[EventType "swiss (rapid)"]
[EventRounds "7"]
[EventCountry "ISS"]
[SourceTitle "EXT 2022"]
[Source "ChessBase"]
[SourceDate "2021.10.06"]
[SourceVersion "1"]
[SourceVersionDate "2021.10.06"]
[SourceQuality "1"]

1. e4 c5 2. Nf3 g6 3. d4 cxd4 4. Nxd4 Bg7 5. Nc3 Nc6 6. Nxc6 bxc6 7. Bc4 d6 8. Be3 Nf6 9. Qd2 Bb7 10. 0-0 0-0 11. Rad1 Qc7 12. Bh6 Rad8 13. Bxg7 Kxg7 14. Qe2 d5 15. exd5 cxd5 16. Bd3 Qc6 17. f3 Qb6+ 18. Kh1 Rd7 19. b3 Rfd8 20. Bb5 Bc6 21. Bxc6 Qxc6 22. Qe3 d4 23. Qg5 Qxc3 24. Qd2 Qc6 25. Rfe1 Rc8 26. Rc1 Qc3 27. Qxc3 Rxc3 28. Red1 e5 29. Kg1 Rdc7 30. Rd2 d3 31. Kf2 Rxc2 32. Rdxc2 Rxc2+ 0-1

[Event "Pan American-ch U14 Girls"]
[Site "Guayaquil"]
[Date "2019.07.22"]
[Round "2"]
[White "Palacios Gordillo, Camila Estefania"]
[Black "Barahona, Dalila Yamileth"]
[Result "0-1"]
[WhiteElo "1163"]
[BlackElo "1529"]
[PlyCount "45"]
[EventDate "2019.07.21"]
[EventType "swiss"]
[EventRounds "9"]
[EventCountry "ECU"]
[SourceTitle "EXT 2020"]
[Source "ChessBase"]
[SourceDate "2019.10.17"]
[SourceVersion "1"]
[SourceVersionDate "2019.10.17"]
[SourceQuality "1"]

1. d4 d5 2. c4 e6 3. Nc3 Nf6 4. cxd5 exd5 5. Bf4 c6 6. Nf3 Bd6 7. Bxd6 Qxd6 8. g3 0-0 9. Bg2 Bf5 10. 0-0 Nbd7 11. Rc1 Rac8 12. e3 Ne4 13. Nd2 Ndf6 14. Ndxe4 Nxe4 15. Nxe4 Bxe4 16. Qd2 Bxg2 17. Kxg2 Qg6 18. Qc2 f5 19. Qc5 a6 20. Qc2 Qg4 21. h3 Qh5 22. Qd1 Qh6 23. Qf3 0-1